000
00314nam a22001457a 4500
008
221121b ||||| |||| 00| 0 eng d
020
_a
9780465049349
041
_a
eng
080
_a
159.9
082
_a
159.9EDE
100
_a
25
101
_a
PSI
245
_a
NEURAL DRAWINISM
_c
EDELMAN M.G
942
_2
udc
_c
BK
999
_c
58963
_d
58963